| 000 | 01066nam a22002537a 4500 | ||
|---|---|---|---|
| 001 | 2365414 | ||
| 003 | DO-SdBNP | ||
| 005 | 20180314125721.0 | ||
| 007 | 2365414 | ||
| 008 | 160509b 20uu dr ||||| |||| 00| 0 spa d | ||
| 020 | _a9789945444225 | ||
| 040 |
_aBPMSU _bspa _cBPMSU |
||
| 100 | _4Cuello del Orbe, Elisa Ysabel | ||
| 245 |
_aEducación sexual 8 / _cElisa Ysabel Cuello del Orbe ; ilustraciones Ramón L. Sandoval |
||
| 260 |
_aSanto Domingo : _bActuralidad escolar 2000, _c[200?] |
||
| 300 |
_a64 p. : _bil. ; _c29 cm. |
||
| 500 | _aEste libro ha sido realizado de acuerdo al curriculum vigente y ha sido sometido a la evaluación y aprobación de la SEE | ||
| 504 | _aBibliografía : p. 64 | ||
| 505 |
_tLos valores -- _tLa sexualidad -- _tLa adolescencia -- _tProblema potenciales en los adolescentes -- _tSomos iguales -- _tHay contactos que nos hacen sentir mal -- _t Bibliografía. |
||
| 700 |
_a Sandoval, Ramón L. _eil. |
||
| 942 |
_2ddc _cBK |
||
| 945 | _aRemanejado para la BNPHU / 2018 VM | ||
| 956 |
_2VMATEO _310 _620160510 _8BPMSU _a0069 |
||
| 999 |
_c10068 _d10068 |
||